000 00489nam a22001457a 4500
008 151027b xxu||||| |||| 00| 0 eng d
020 _a9966462929
050 _aAFR PR 9381.9 .M24 1986
100 _aMaillu, David G.
_d1986.
245 _aThe Ayah
_cDavid G. Maillu.
260 _aNairobi,
_bEast African Educational Publishers,
_c1986.
300 _a178p.
_c18cm.
650 _aKenyan fiction (english)
942 _2lcc
_cSH_L_BOOKS
_hAFR PR 9381.9 .M24 1986
999 _c9434
_d9434